000 002750000a22000970004500
100 1 _aCedar, Paul A. (1938-)
245 1 0 _aThe role of the local church in world evangelization
300 _aVol 16, Núm 58 (1989), Páginas 13-15
773 0 _tWorld Evangelization
942 _cANA
999 _c57899
_d57899